000 03194nam a2200433Ia 4500
001 bslw09259552
003 UtOrBLW
005 20210303085113.0
006 m o d
007 cr un|||||||||
008 140821s2014 enk o 000 0 eng d
020 _a9781783509324 (electronic bk.)
040 _aUtOrBLW
050 4 _aHM742
_b.S96 2014
072 7 _aJFFP
_2bicssc
072 7 _aJF
_2bicssc
072 7 _aSOC026000
_2bisacsh
080 _a316.35
082 0 4 _a006.754
_223
245 0 0 _aSymbolic interaction and new social media
_h[electronic resource] /
_cedited by Mark D. Johns, Shing-Ling S. Chen, Laura A. Terlip.
260 _aBingley, U.K. :
_bEmerald,
_c2014.
300 _a1 online resource (x, 226 p.)
490 1 _aStudies in symbolic interaction,
_x0163-2396 ;
_vv. 43
505 0 _aWhen McLuhan met Simmel : form is the content, medium is the message / Shing-Ling S. Chen, Mark D. Johns, Laura A. Terlip -- From object to flow : network sensibility, symbolic interactionism, and social media / Annette N. Markham, Simon Lindgren -- Social network analysis for Facebook : locating cliques and visualizing sociability / Jeffrey Coons, Shing-Ling S. Chen -- New Iowa school redux : Second Life / Michael A. Katovich, Shing-Ling S. Chen -- Mutable selves and digital reflexivities : social media for social change in the Middle East and North Africa / Lara Lengel, Victoria Ann Newsom -- Structural roles in Massively Multiplayer Online Games : a case study of guild and raid leaders in World of Warcraft / J. Patrick Williams, David Kirschner, Zahirah Suhaimi-Broder -- (Re)embodiment of the digital self and first life body in a new social media environment : paid sex work in Second Life / Justin A. Martin -- Surfing to an alternative self : internet technology and sexuality among 'married straight homosexual men' / Avi Shoshana -- "The wall is the city" : a narrative analysis of Vancouver's post-riot "apology wall" / Jennifer A.A. Lavoie, Judy Eaton, Carrie B. Sanders, Matthew Smith.
520 _aThe new social media build on and further complicate all of the issues and processes of symbolic interaction. This volume builds on and expands the existing symbolic interactionist perspective to include the study of social interaction made possible by the use of new social media. This special issue demonstrates the interface between willful social interaction and structured technological featureshow social media are defined by social interactions, as well as how social interactions are dictated by the use of social media.
588 0 _aPrint version record
650 7 _aSocial Science
_xSociology
_xGeneral.
_2bisacsh
650 7 _aSocial interaction.
_2bicssc
650 7 _aSociety & culture: general.
_2bicssc
650 0 _aSocial media
_xPsychological aspects.
650 0 _aSymbolic interactionism.
650 0 _aSocial interaction
_xTechnological innovations.
700 1 _aJohns, Mark D.
700 1 _aChen, Shing-Ling.
700 1 _aTerlip, Laura A.
776 1 _z9781783509331
830 0 _aStudies in symbolic interaction ;
_vv. 43.
856 4 0 _uhttps://www.emerald.com/insight/publication/doi/10.1108/S0163-2396201443
999 _c30816
_d30816